00787cam a2200241 450000100060000000300080000600500170001400800410003102000150007203500190008704000320010604100080013808200200014610000250016624500830019126000500027430000260032435000100035050400410036060000530040165000600045465000310051418511BD-RjUL20211209000309.0140220s1971 mau b 001 0 eng d a0674387856 a(BD-RjUL)18569 aDLCcDLCdDLCdBD-RjULbeng aeng00a813.4bWEH 19711 aWeinstein, Philip M.10aHenry James and the requirements of the imagination /cby Philip M. Weinstein. aCambridge :bHarvard University Press,c1971. avii, 207 p. ;c22 cm. a$6.50 aIncludes bibliographical references.10aJames, Henry,d1843-1916xKnowledgexPsychology. 0aPsychological fiction, AmericanxHistory and criticism. 0aImagination in literature.